000 00838nam a2200229 i 4500
001 180767
003 ES-MaACL
005 20250911062853.0
008 120710s2011 sp |||| | spa d
020 _a978-84-9895-782-2
080 _a821.134.2-14"19"
100 1 _aIrigoyen, Ramón,
_d1942-
_965469
245 1 0 _aPoesía reunida (1979-2011) /
_cRamón Irigoyen.
260 _aMadrid :
_bVisor Libros,
_c[2011]
300 _a310 p. ;
_c20 cm.
490 1 _aColección Visor de poesía ;
_v782
505 8 _aContiene: ;
_tCielos e inviernos (1979) ;
_tLos abanicos del Caudillo (1982) ;
_tRomancero satírico (2011) ;
_tLa mosca en misa (2011)
830 0 _aColección Visor de poesía
_v782
_9177331
852 _aES-MaACL
_jA-12134
_9187678
_bR.147078
_cDEPO1
_dOlim: N-5139
942 _2udc
_cMONOGRAFIA
999 _c180767
_d180767